I'll get there. It better be worth the trip /

Saved in:
Bibliografiske detaljer
Hovedforfatter: Donovan, John (scrittore) (Author)
Format: Bog
Sprog:engelsk
Udgivet: New York : Laurel-Leaf Library, 1975, c1969
Udgivelse:Fifth Laurel printing August 1975
Tags: Tilføj Tag
Ingen Tags, Vær først til at tagge denne postø!

MARC

LEADER 00000nam a22000007i 4500
001 IT\ICCU\UBO\1819692
003 ItRI
005 20260115232315.0
008 020904s1975 xxu|||||| ||||| |||||c
040 |b ita  |c importazione bologna sebina 
041 7 |a eng  |2 ISO-639-2 
100 1 |a Donovan, John  |c  (scrittore)  |0 IT\ICCU\UBOV\686004  |4 aut 
245 1 0 |a I'll get there. It better be worth the trip /  |c a novel by John Donovan. 
250 |a Fifth Laurel printing August 1975 
260 |a New York :  |b Laurel-Leaf Library, 1975,  |c c1969 
300 |a 158 p. ;  |c 18 cm. 
942 |2 ddc  |c BK  |n 0 
952 |0 0  |1 0  |4 0  |6 DOC_813_540000000000000_DON  |7 0  |9 23916  |a BO  |b BO  |d 2026-01-15  |i 1483  |l 0  |o DOC 813.54 DON  |p BO1483  |r 2026-01-15 23:23:15  |w 2026-01-15  |x [Sebina 5] [1 v.]  |y BK  |z 1 v. 
999 |c 20371  |d 20371